Energy Performance Certificates (EPCs) and renting homes (Record no. 108698)
[ view plain ]
| 000 -LEADER | |
|---|---|
| fixed length control field | 01939cad a22002415a 4500 |
| 001 - CONTROL NUMBER | |
| control field | L145147 |
| 008 - FIXED-LENGTH DATA ELEMENTS--GENERAL INFORMATION | |
| fixed length control field | 080911e20080905xxkdo f f000 0 eng d |
| 020 ## - INTERNATIONAL STANDARD BOOK NUMBER | |
| International Standard Book Number | 9781409803744 |
| 035 ## - SYSTEM CONTROL NUMBER | |
| System control number | (Sirsi) u145147 |
| 041 0# - LANGUAGE CODE | |
| Language code of text/sound track or separate title | eng |
| 050 04 - LIBRARY OF CONGRESS CALL NUMBER | |
| Classification number | 333.33 $2 18 |
| 100 1# - MAIN ENTRY--PERSONAL NAME | |
| Personal name | United Kingdom |
| Numeration | Department for Communities and Local Government |
| 9 (RLIN) | 4939 |
| 245 00 - TITLE STATEMENT | |
| Title | Energy Performance Certificates (EPCs) and renting homes |
| Remainder of title | a landlord's guide |
| Medium | [electronic resource] |
| 260 ## - PUBLICATION, DISTRIBUTION, ETC. | |
| Place of publication, distribution, etc. | London |
| Name of publisher, distributor, etc. | DCLG |
| Date of publication, distribution, etc. | 2008 |
| 505 2# - FORMATTED CONTENTS NOTE | |
| Formatted contents note | What does this mean in practice? -- What is an energy performance certificate? -- How do I get an energy performance certificate? -- What does an energy inspection involve? -- Getting ready for the assessment -- What sort of recommendations will be made and what do they mean? -- Do I have to act on the recommendations? -- I already have a lot of data about my properties, can this be used? -- I have a number of similar properties, do all of them need to be visited to produce an EPC? -- What happens if I am dissatisfied with the energy assessment or EPC? -- What are the penalties if I do not provide an EPC? -- Financial assistance for improvement works -- For further information about EPCs |
| 520 ## - SUMMARY, ETC. | |
| Summary, etc. | Government guidance for landlords on Energy Performance Certificates (EPCs) offers a range of advice as regards the practical effects of EPCs for residential properties. Describes the assessment for an EPC; recommendations and details of schemes available to landlords to help offset the cost of energy improvements to their properties. |
| 521 ## - TARGET AUDIENCE NOTE | |
| Target audience note | Advanced |
| 590 ## - LOCAL NOTE (RLIN) | |
| Local note | KA |
| 651 #4 - SUBJECT ADDED ENTRY--GEOGRAPHIC NAME | |
| Geographic name | England and Wales |
| Chronological subdivision | 1543- |
| 690 ## - LOCAL SUBJECT ADDED ENTRY--TOPICAL TERM (OCLC, RLIN) | |
| Topical term or geographic name as entry element | CAREERS, EDUCATION AND TRAINING-RICS ACCREDITATION AND CERTIFICATION SCHEMES-ENERGY PERFORMANCE OF BUILDINGS |
| 856 40 - ELECTRONIC LOCATION AND ACCESS | |
| Uniform Resource Identifier | <a href="https://www.communities.gov.uk/publications/planningandbuilding/epcsrentinglandlords">https://www.communities.gov.uk/publications/planningandbuilding/epcsrentinglandlords</a> |
| Public note | View the item free of charge online at www.communities.gov.uk... |
| 942 ## - ADDED ENTRY ELEMENTS (KOHA) | |
| Suppress in OPAC | 0 |
| Withdrawn status | Lost status | Source of classification or shelving scheme | Damaged status | Not for loan | Home library | Current library | Shelving location | Date acquired | Total Checkouts | Full call number | Barcode | Date last seen | Copy number | Price effective from | Koha item type |
|---|---|---|---|---|---|---|---|---|---|---|---|---|---|---|---|
| Dewey Decimal Classification | Virtual | Virtual | Online | 11/09/2008 | ONLINE PUBLICATION | 145147-1001 | 06/08/2019 | 1 | 06/08/2019 | Book |